MDQL
is popping MORE tags! Check the
thread
!
Quizzes
Events
Quiz Creation
Community
Videos
Private Events
Remove Ads
Sign In
Join for FREE
Feedback
Dark Mode
Quiz Categories
Sports
Geography
Music
Movies
Television
Just For Fun
Miscellaneous
History
Literature
Language
Science
Gaming
Entertainment
Religion
Holiday
For Kids
Quiz Lab
Recent
Popular Today
Quiz Kudos Today
Editor Picks
Curator Picks
Quizzes by...
Day
Popularity
Type
Ratings
Length
Year
Community
Subscriptions
Recent Discussions
Orange Saloon
Badges
Playlists
Quests
Create
Leaderboards
Showdown
Live 5
Trivia Bingo
Activity
Puzzle Library
Sporcle Events
Private Events
Virtual Trivia
Globe League
Become a Host
Pub Owners
SporcleCon
Opinionation
Our Games
Videos
Blog
Mobile Apps
Partnerships
Remove Ads and Go Orange
Feedback
History
US Presidents
World Leaders
Politics
Nation
Discovery
War
Decade
Year
Century
Biography
Art
History
US Presidents
World Leaders
Politics
Nation
Discovery
War
Decade
Year
Century
Biography
Art
Random Quiz
Search Sporcle
×
Quiz Lab
Quiz Lab
History
Continent
Type in answers that appear in a list
Type in answers that appear in a list
Classic
Best Score? Go Orange.
Last Independences by Continent Stats
Can you name the last five countries per continent that gain independence ?
By
Extinctanimals22
4m
30 Questions
363 Plays
363 Plays
363 Plays
Comments
Comments
Give Quiz Kudos
Give Quiz Kudos
-
- Ratings
hide this ad
Replay
Link that replays current quiz
Next Quiz
Link to next quiz in quiz playlist
You Got
0%
They Got
Avg Score
66%
Avg Friend Score
Upgrade to see
Score Distribution
Jump to the score distribution portion of the page
Score
0/30
Timer
04:00
0
Plays Today
Continent
Country
% Correct
Africa
South Sudan
91.2%
Europe
Kosovo
88.2%
Europe
Montenegro
85.1%
South America
Suriname
78.8%
South America
Guyana
77.7%
Europe
Serbia
76.9%
Asia
East Timor
74.1%
South America
Uruguay
71.6%
Oceania
Palau
71.3%
Africa
Eritrea
68.3%
Oceania
Marshall Islands
68.3%
Oceania
Micronesia
67.5%
South America
Brazil
66.7%
South America
Bolivia
66.1%
North America
Belize
65.3%
Continent
Country
% Correct
North America
St. Kitts and Nevis
64.7%
Oceania
Kiribati
64.5%
North America
St. Vincent and the Grenadines
63.9%
North America
St. Lucia
63.9%
Europe
Slovakia
62%
Oceania
Vanuatu
62%
Africa
Namibia
61.4%
Asia
Kazakhstan
60.9%
Europe
Czech Republic
59%
North America
Antigua and Barbuda
58.7%
Asia
Tajikistan
57.9%
Asia
Turkmenistan
57.6%
Asia
Armenia
54%
Africa
Djibouti
46.8%
Africa
Zimbabwe
40.2%
Quiz Playlist
Details
Report
Send in Message
Add To Playlist
Classic:
Type in answers that appear in a list
Quiz Source
Last Updated: Feb 16, 2017
Quiz Scoreboard
CHALLENGE
Sign Up to Join the Scoreboard
Show All
Scores
Hide
Comments
May contain spoilers
Recently Published
Colored Red Africa Blitz
by spor1
Geography
30s
Find the 'City' Movie
by crazypaving
Movies
60s
5x2 Blitz: Bands
by SL_Kpop136
Music
30s
More to Explore
Quiz From the Vault
Featured Blog Post
14 Easter Pick-up Lines to Find Eggs With
hide this ad
You Might Also Like...
Tags
Continent Quiz
Country Quiz
Nation Quiz
Year Quiz
date
Five
independence
last
Today's Top Quizzes in History
Browse History
hide this ad
Today's Top Quizzes in Continent
Browse Continent
Top Contributed Quizzes in History
1
I Am Born On March 29th
2
Order Up: 1000 Years of World Events I
3
US National Parks Named After People
4
Popular People in 1951
5
Popular People in 1991
6
Popular People in 1941
7
Popular People in 1921
8
Popular People in 1981
9
Popular People in 1986
10
Popular People in 1976
Explore More
Trending Topics
Crossword
Harry Potter
Disney
Anime
NBA
Kpop
Marvel
Puzzle
WWE
NFL
Country
The Office
Soccer
Pokémon
Song
hide this ad
More By:
Extinctanimals22
Quiz
Plays
Rating
Category
Featured
Created
100 Tiny Animals
88,857
3.78
Science
Jun 21, 2012
'Heroes of Olympus' Seven Demigods
47,545
4.10
Literature
Dec 26, 2012
Disney Character by Superpower
40,667
4.39
Movies
Jan 7, 2022
Animated Superhero Teams
38,441
4.33
Entertainment
Feb 22, 2016
Talking Animals of Narnia
37,410
4.68
Literature
Jan 31, 2013
Go to Creator's Profile
Score Distribution
Quiz Creator Spotlight
Extinctanimals22
Follow
Send a Message
Quizzes Created
-
Created Quiz Play Count
-
More By This Creator
Popular Quizzes Today
1
Colored Red Africa Blitz
2
Find the US States - No Outlines Minefield
3
Find the 'City' Movie
4
5x2 Blitz: Bands
5
The Countries of the World
6
Find the US States
7
Find the Countries of Europe - No Outlines Minefield
8
US States
More History Quizzes
Timeline of 20th Century Wars
Published
Trending Quizzes
Colored Red Europe Blitz I
Colored Red Europe Blitz II
Colored Red Africa Blitz II
Colored Red Europe Blitz III
Colored Red Africa Blitz III
Recently Updated
How Do You Spell That?
pecheneg
Godzilla Movies
pecheneg
Grab Bag: 4-10 Letters
pecheneg
2024 March Madness Bracket
pecheneg
Famous TV Couples
Peacemaker
Champions League XIs: Real Madrid
pecheneg
Largest US Cities 1790-2010
pecheneg
Rides in Walt Disney World
pecheneg
Most Oscar Losses (Acting)
pecheneg
Beyoncé Albums
pecheneg
Trending Topics
Disney
Harry Potter
NBA
Marvel
Kpop
Anime
Crossword
Pokémon
Song
Puzzle
Soccer
The Office
WWE
NFL
Country
Your Account Isn't Verified!
In order to create a playlist on Sporcle, you need to verify the email address you used during registration. Go to your
Sporcle Settings
to finish the process.
Report this User
Report this user for behavior that violates our
Community Guidelines
.
Details:
Send Report
Go to the Sporcle.com Mobile Site →
Comments